000 00281nam a22001337a 4500
008 170421b xxu||||| |||| 00| 0 eng d
020 _a9780198549680
041 _aeng
080 _a573
100 _a11
101 _aSHM
245 _aEVOLUTION
_cSTEARNS, S.C
942 _2udc
_cBK
999 _c11489
_d11489